Una evolución del apoyo de SAREC a tres centros latinoamericanos de investigación de la mujer /

Guardado en:
书目详细资料
主要作者: León, Magdalena
企业作者: Swedish Agency For Reserch Cooperation With Developing Countries, SAREC
其他作者: Spalding, Hobart A.
格式: Texto
出版: s.l.: SAREC
标签: 添加标签
没有标签, 成为第一个标记此记录!

MARC

LEADER 00000 a a2200000 04500
001 22324
003
040
090 |a 151400  
100 |a León, Magdalena  
110 |a Swedish Agency For Reserch Cooperation With Developing Countries  
245 |a Una evolución del apoyo de SAREC a tres centros latinoamericanos de investigación de la mujer /  |c Swedish Agency For Reserch Cooperation With Developing Countries  
260 |a s.l.:   |b SAREC  
300 |a 31 p.  
700 |a Spalding, Hobart A.  
710 |a SAREC  
999 |c 13288  |d 13288